Harry Potter - Matières enseignées à Poudlard - Statistiques

Statistiques générales
  • Ce quiz a été pris 29 845 fois
    29 499 depuis la dernière actualisation
  • Le résultat moyen est 9 sur 14
Statistiques - réponses
Réponse % Correct
Défense contre les forces du Mal
93%
Potions
92%
Métamorphose
78%
Sortilèges
78%
Divination
76%
Botanique
74%
Vol
73%
Soins aux créatures magiques
66%
Histoire de la Magie
63%
Étude des Moldus
59%
Arithmancie
53%
Astronomie
52%
Étude des runes
47%
Transplanage
29%
Aucun quiz correspondant
Distribution des résultats
% des personnes avec chaque résultat
Percentile par nombre de réponses
Votre historique - résultats
Vous n’avez pas pris ce quiz depuis la dernière actualisation